Gaming Quiz

Random Gaming or Minecraft Quiz

Minecraft Armor Types Quiz Stats

 Plays Quiz not verified by Sporcle

Score 0/5 Timer 02:00
2 Plays Today
% Correct
Gold
97.8%
Iron
97.3%
Diamond
96.3%
Leather
93.1%
Chainmail
84.8%

You're not logged in!

Compare scores with friends on all Sporcle quizzes.
OR
Log In

You Might Also Like...

Show Comments

Extras

Curator's Pick Jan 31, 2019SourceReportNominate
Tags:Minecraft Quiz, PC Games

Top Quizzes Today


Score Distribution

Your Account Isn't Verified!

In order to create a playlist on Sporcle, you need to verify the email address you used during registration. Go to your Sporcle Settings to finish the process.

Report this User

Report this user for behavior that violates our Community Guidelines.

Details: